| Tag |
First Indicator |
Second Indicator |
Subfields |
| LEADER |
00000cam a2200000 a 4500 |
| 001 |
in00001523321 |
| 005 |
20151021164348.0 |
| 008 |
000203s1997 it a 000 0 ita d |
| 010 |
|
|
|a 98202766
|
| 020 |
|
|
|a 8881251809
|
| 035 |
|
|
|a (OCoLC)39325803
|
| 040 |
|
|
|a PIT
|c DLC
|d PIT
|d C3L
|d WAU
|d TXA
|d UtOrBLW
|
| 041 |
0 |
|
|a ita
|a eng
|
| 042 |
|
|
|a lccopycat
|
| 043 |
|
|
|a e-it---
|
| 049 |
|
|
|a TXAM
|
| 050 |
0 |
0 |
|a NA2858
|b .Z66 1997
|
| 100 |
1 |
|
|a Zoppi, Mariella,
|d 1946-
|
| 245 |
1 |
0 |
|a Guida ai chiostri e cortili di Firenze /
|c Mariella Zoppi, Cristina Donati ; fotografie, Arturo Giusti = Cloisters & courtyards of Florence / Mariella Zoppi, Cristina Donati ; photographs by Arturo Giusti.
|
| 246 |
3 |
0 |
|a Chiostri e cortili di Firenze
|
| 246 |
3 |
1 |
|a Cloisters & courtyards of Florence
|
| 246 |
3 |
|
|a Cloisters and courtyards of Florence
|
| 264 |
|
1 |
|a Firenze :
|b ALINEA,
|c [1997]
|
| 264 |
|
4 |
|c ©1997
|
| 300 |
|
|
|a 192 pages :
|b illustrations (some color) ;
|c 21 cm.
|
| 336 |
|
|
|a text
|b txt
|2 rdacontent
|
| 337 |
|
|
|a unmediated
|b n
|2 rdamedia
|
| 338 |
|
|
|a volume
|b nc
|2 rdacarrier
|
| 490 |
1 |
|
|a Guide ;
|v 2
|
| 650 |
|
0 |
|a Courtyards
|z Italy
|z Florence
|x Guidebooks.
|
| 650 |
|
0 |
|a Cloisters (Architecture)
|z Italy
|z Florence
|x Guidebooks.
|
| 651 |
|
0 |
|a Florence (Italy)
|v Guidebooks.
|
| 700 |
1 |
|
|a Donati, Cristina.
|
| 700 |
1 |
|
|a Giusti, Arturo.
|
| 830 |
|
0 |
|a Guide (Alinea editrice) ;
|v 2.
|
| 938 |
|
|
|a Casalini Libri
|b CASA
|n 98064622
|c L30000
|
| 994 |
|
|
|a E0
|b TXA
|
| 948 |
|
|
|a cataloged
|b h
|c 2000/2/3
|d c
|e fpiscitelli
|f 4:33:44 pm
|
| 999 |
|
|
|a MARS
|
| 999 |
f |
f |
|s 2a1438dd-d992-37a9-b35c-181cc8f94f04
|i e6f8b1c5-cb87-3932-8ec3-21bfd8a2e73a
|t 0
|
| 952 |
f |
f |
|p noncirc
|a Texas A&M University
|b College Station
|c Sterling C. Evans Library
|d Santa Chiara (in Italy)
|t 0
|e NA2858 .Z66 1997
|h Library of Congress classification
|i unmediated -- volume
|
| 998 |
f |
f |
|a NA2858 .Z66 1997
|t 0
|l Santa Chiara (in Italy)
|